| 000 | 00730nam a2200229 u 4500 | ||
|---|---|---|---|
| 005 | 20241203063719.0 | ||
| 008 | 120314s2010 ag r 000 0 spa d | ||
| 020 | _a9789876011051 | ||
| 035 | _aUPN01000183661 | ||
| 049 | _aCG | ||
| 050 | 4 |
_aLB1065 _bO7.6 |
|
| 100 | 1 |
_aOttobre, Salvador _932037 |
|
| 245 | 1 | 1 |
_a¡Profe, no tengamos recreo! : _bcreatividad y aprendizaje en la era de la desatención / _cSalvador (Pocho) Ottobre, Walter Temporelli. |
| 260 |
_aBuenos Aires : _bLa Crujía, _c2010. |
||
| 300 | _a207 p. | ||
| 440 | 0 | _aItinerarios | |
| 650 | 4 |
_aMotivación en la educación _97552 |
|
| 650 | 4 |
_aTeorías de la educación _95007 |
|
| 710 | 1 |
_aTemporelli, Walter, _ecoaut. |
|
| 905 | _aLibro | ||
| 999 |
_c155764 _d155764 |
||